000 01025nam a2200337 a 4500
001 000007338
003 DO-SdBPM
005 20251212131947.0
007 ta
008 090908s2014 dr a 000 0 spa d
020 _a9789945498219
040 _aDO-SdBPM
_bspa
_cBPMSU
_drda
082 4 _a614.1092
_bS245F, 2014
_222
100 1 _a Frías, Salomé
_eautora
_4aut.
245 1 0 _aSergio Sarita Valedez :
_bpor la ruta de mi vida /
_c Salomé Frías
250 _a3a ed.
260 _c
264 _aSanto Domingo :
_bEditora Búho,
_c2014
300 _a310 páginas :
_bilustraciones retrato. ;
_c26 cm.
336 _atexto
_btxt
_2rdacontent
337 _asin mediación
_bn
_2rdamedia
338 _avolumen
_bnc
_2rdacarrier
500 _a
504 _a
590 _aInventariado, 2025/VM
600 1 7 _aSarita Valdez, Sergio
_d1964-
_vBiografías
650 7 _aPatología forense
650 7 _aMedicos forenses
_zRepública Dominicana
910 _aVMateo V. Control de calidad BPMSU
942 _2ddc
_cBK
999 _c15556
_d15556